Vista normal Vista MARC

Entrada Materia (tema)

Número de registros utilizados en: 1

001 - CONTROL NUMBER

  • control field: 76020

003 - CONTROL NUMBER IDENTIFIER

  • control field: Co-BoUCM

005 - DATE AND TIME OF LATEST TRANSACTION

  • control field: 20160307075737.0

008 - FIXED-LENGTH DATA ELEMENTS

  • fixed length control field: 160307|| aca||aabn | a|a d

040 ## - CATALOGING SOURCE

  • Original cataloging agency: Co-BoUCM
  • Transcribing agency: Co-BoUCM

150 ## - HEADING--TOPICAL TERM

  • Topical term or geographic name as entry element: Poder público
  • Geographic subdivision: Gran Bretaña

670 ## - SOURCE DATA FOUND

  • Source citation: Work cat.: (Co-BoUCM)302893: Gran Bretaña. Foreign & Commonwealth Office 76019, El sistema de gobierno del Reino Unido, c1997